| 000 | 00857nam a2200241 i 4500 | ||
|---|---|---|---|
| 001 | bg | ||
| 245 | 0 | 0 |
_aStan środowiska w Polsce w latach 1996-2001 : _braport / _c[oprac. przez zespół w skł. Magdalena Brodowska et al.] ; Inspekcja Ochrony Środowiska. |
| 260 |
_aWarszawa : _bInspekcja Ochrony Środowiska, _c2003. |
||
| 300 |
_a269 s. : _bil. (w tym kolor.), mapy ; _c30 cm. |
||
| 490 | 1 | _aBiblioteka Monitoringu Środowiska | |
| 504 | _aBibliogr. | ||
| 650 | 9 |
_aŚrodowisko człowieka _zPolska _ystan na 2003 r. |
|
| 700 | 1 |
_aBRODOWSKA, Magdalena. _eOprac. |
|
| 710 | 0 | _aInspekcja Ochrony Środowiska | |
| 830 | _aBiblioteka Monitoringu Środowiska | ||
| 020 | _a8372172013 | ||
| 040 | _cBPK | ||
| 041 | 0 | _apol | |
| 080 | _a504.064.3(438)"1989/..." | ||
| 920 | _a83-7217-201-3 | ||
| 942 | _cKS | ||
| 008 | s pl f |000 0 pol | ||
| 999 |
_c45283 _d45283 |
||
| 856 |
_uhttp://koha.tu.koszalin.pl/cgi-bin/koha/opac-detail.pl?biblionumber=45283 _yKatalog online BPK |
||